| 000 | 00944nas a2200325 4500 | ||
|---|---|---|---|
| 001 | BR2011003632 | ||
| 003 | BR-BrBNA | ||
| 005 | 20231205115412.0 | ||
| 007 | ta | ||
| 008 | 230509b bl.|||p| |||| 00| 00por d | ||
| 040 |
_aBR-BrBNA _bpor _cBiblioteca Nacional de Agricultura |
||
| 041 | _a(En) | ||
| 072 | _aL74; L70 | ||
| 100 | 1 | _aMalm, C. | |
| 100 | 1 | _aSouza, E.M. | |
| 100 | 1 | _aFerian, P.E. | |
| 100 | 1 | _aFukushima, F.B. | |
| 100 | 1 | _aMacedo, S.P. | |
| 100 | 1 | _aLadeira, O.H.R. | |
| 100 | 1 | _aFaria, A.B.F. | |
| 100 | 1 | _aAndrade, M.G.M.G. | |
| 245 | 1 | _aCanine cricopharyngeal achalasia: case report | |
| 650 | _aCÃO | ||
| 650 | _aCIRURGIA | ||
| 650 | _aVETERINÁRIA | ||
| 650 | _aDISTÚRBIO FISIOLÓGICO | ||
| 773 | 0 |
_tArquivo Brasileiro de Medicina Veterinária e Zootecnia (Brazil) _xISSN 0102-0935 _g(Feb 2011), v. 63(1) p. 56-60 _wBR2011003632 |
|
| 909 |
_a202311 _bLúcia _c55 _dLúcia Elande |
||
| 942 |
_2AGRIS _n0 _cANA |
||
| 999 |
_c213623 _d213623 |
||